A-Z jahit sulam 2

Bibliographic Details
Other Authors: Bauer, Margie
Format: Book
Published: KL : Utusan Publications & Distributors , 2008
Subjects:

MARC

LEADER 00000cam a2200000 7i4500
001 0000030234
005 20110118.0
008 110118
020 |a 967612172X 
090 0 0 |a 746.44   |b AZJ 
245 1 0 |a A-Z jahit sulam 2   |c editor Susan O'Connor 
260 |a KL :   |b Utusan Publications & Distributors ,   |c 2008 
650 0 |a Beadwork 
650 0 |a Embroidery   |x Patterns 
650 0 |a Needlework 
700 1 |a Bauer, Margie 
999 |a 0001064919   |b Book   |c Adult Collection   |e Cawangan Tmn. Ungku Tun Aminah 
999 |a 0001065347   |b Book   |c Adult Collection   |e Cawangan Muar 
999 |a 0001065725   |b Book   |c Adult Collection   |e Cawangan Segamat 
999 |a 0001065839   |b Book   |c Adult Collection   |e Cawangan Bukit Gambir 
999 |a 0001066080   |b Book   |c Adult Collection   |e Cawangan Bandar Tenggara 
999 |a 0001066378   |b Book   |c Adult Collection   |e Cawangan Tangkak 
999 |a 0001066415   |b Book   |c Adult Collection   |e Cawangan Mersing 
999 |a 0001066820   |b Book   |c Adult Collection   |e Perbadanan Perpustakaan Awam Johor